Homenaje a D. Tomás Antonio Sánchez en el II centenario de su nacimiento / (Record no. 125430)

MARC details
000 -LEADER
campo de control de longitud fija 00741nam a2200193 i 4500
001 - NÚMERO DE CONTROL
campo de control 125430
003 - IDENTIFICADOR DE NÚMERO DE CONTROL
campo de control ES-MaACL
005 - FECHA Y HORA DE LA ÚLTIMA TRANSACCIÓN
campo de control 20231226173829.0
007 - CAMPO FIJO DE DESCRIPCIÓN FÍSICA--INFORMACIÓN GENERAL
campo de control de longitud fija t|
008 - DATOS DE LONGITUD FIJA--INFORMACIÓN GENERAL
campo de control de longitud fija 070611s1926 sp |||| |dspa d
245 00 - MENCIÓN DEL TÍTULO
Título Homenaje a D. Tomás Antonio Sánchez en el II centenario de su nacimiento /
Mención de responsabilidad, etc. organizado por la Sociedad de Menéndez y Pelayo con la cooperación de la Excma. Diputación Provincial de Santander.
260 ## - PUBLICACIÓN, DISTRIBUCIÓN, ETC.
Lugar de publicación, distribución, etc. Santander :
Nombre del editor, distribuidor, etc. [s.n.,
Fecha de publicación, distribución, etc. 1926] (
Fabricante Impr. Provincial)
300 ## - DESCRIPCIÓN FÍSICA
Extensión 64 p. ;
Dimensiones 20 cm.
600 14 - PUNTO DE ACCESO ADICIONAL DE MATERIA--NOMBRE DE PERSONA
Nombre de persona Sanchez, Tomás Antonio.
9 (RLIN) 132395
710 2# - ENTRADA AGREGADA--NOMBRE DE ENTIDAD CORPORATIVA
Nombre de entidad corporativa o nombre de jurisdicción como elemento de entrada Sociedad Menéndez Pelayo
9 (RLIN) 6793
710 1# - ENTRADA AGREGADA--NOMBRE DE ENTIDAD CORPORATIVA
Nombre de entidad corporativa o nombre de jurisdicción como elemento de entrada Santander (Provincia).
Unidad subordinada Diputación Provincial.
9 (RLIN) 6500
852 ## - LOCALIZACIÓN
Ubicación ES-MaACL
Número de control de estantería 1701-F-4
Holdings
Estatus retirado Estado de pérdida Estado de daño No para préstamo Colección Biblioteca de origen Biblioteca actual Ubicación en estantería Fecha de adquisición Fuente de adquisición Total de préstamos Signatura topográfica completa Código de barras Visto por última vez Precio de reemplazo Tipo de ítem Koha
        Colección de folletos Biblioteca del Ateneo de Madrid Biblioteca del Ateneo de Madrid Depósito folletos 17/01/2008     1701-F-4 1130668 23/02/2023 23/02/2023 Folleto